Estadísticas para Quién dijo la frase VZV

Haz click aquí para intentar la prueba.

Estadísticas generales

  • Esta prueba ha sido intentada 9 veces
  • La puntuación promedio es 13 de 15

Estadísticas de respuestas

HintRespuesta% Correcto
Todos cometemos erroresJorge
100%
Joder quiero noviaJose
100%
Oooola oooola muchas gracias por el jamónJose
100%
Es que no imitais a los profesores, imitais al que imita a los profesores (voz muy aguda)Adri
83%
Una preguntaAndrey
83%
Pero yo es con la YJCIG
83%
Perooo tu te das cuenta de las cosas tardeJCIG
83%
De forma que el nucleosoma +1JEPO
83%
A ver, JorgggeJJBA
83%
Quieres uno?Selia
83%
Bueno no voy a estropearte el verano por una décimaTitín
83%
Vosaltres dos, podeu eixirXimo
83%
Bro es que no me deja...Dj
67%
Nooo mk a mi me retenieronEl Raque
67%
Ostia eres el mursianoJRB
67%

Distribución de puntuación

Porcentaje por número respondido

Porcentaje de gente con cada puntuación

Historial de tus puntuaciones

No has intentado esta prueba.